<?xml version="1.0" encoding="UTF-8"?><?xml-stylesheet type="text/xsl" href="static/style.xsl"?><OAI-PMH xmlns="http://www.openarchives.org/OAI/2.0/" xmlns:xsi="http://www.w3.org/2001/XMLSchema-instance" xsi:schemaLocation="http://www.openarchives.org/OAI/2.0/ http://www.openarchives.org/OAI/2.0/OAI-PMH.xsd"><responseDate>2026-04-17T11:30:11Z</responseDate><request verb="GetRecord" identifier="oai:www.recercat.cat:10256/16353" metadataPrefix="marc">https://recercat.cat/oai/request</request><GetRecord><record><header><identifier>oai:recercat.cat:10256/16353</identifier><datestamp>2024-06-13T09:54:19Z</datestamp><setSpec>com_2072_453036</setSpec><setSpec>com_2072_2054</setSpec><setSpec>col_2072_453044</setSpec></header><metadata><record xmlns="http://www.loc.gov/MARC21/slim" xmlns:dcterms="http://purl.org/dc/terms/" xmlns:xsi="http://www.w3.org/2001/XMLSchema-instance" xmlns:doc="http://www.lyncode.com/xoai" xsi:schemaLocation="http://www.loc.gov/MARC21/slim http://www.loc.gov/standards/marcxml/schema/MARC21slim.xsd">
   <leader>00925njm 22002777a 4500</leader>
   <datafield ind2=" " ind1=" " tag="042">
      <subfield code="a">dc</subfield>
   </datafield>
   <datafield ind2=" " ind1=" " tag="720">
      <subfield code="a">Páez de la Torre, Sonia</subfield>
      <subfield code="e">author</subfield>
   </datafield>
   <datafield ind2=" " ind1=" " tag="260">
      <subfield code="c">2017-09</subfield>
   </datafield>
   <datafield ind2=" " ind1=" " tag="520">
      <subfield code="a">Comunicació presentada a: Congreso Internacional de AHILA: en los márgenes de la Història Tradicional: nuevas miradas de América Latina desde el siglo XXI (18è: 5-9 setembre 2017: València)</subfield>
   </datafield>
   <datafield ind2=" " ind1=" " tag="520">
      <subfield code="a">Projecte HEBE</subfield>
   </datafield>
   <datafield ind2=" " ind1=" " tag="520">
      <subfield code="a">Comunicación sobre la experiencia de jóvenes originarios del cono sur latinoamericano que, tras un proceso inmigratorio, viven en Catalunya, presentada en el "XVIII Congreso Internacional de AHILA: en los márgenes de la Història Tradicional: nuevas miradas de América Latina desde el siglo XXI", celebrado en Valencia, los días 5 a 9 de setiembre de 2017</subfield>
   </datafield>
   <datafield ind1="8" ind2=" " tag="024">
      <subfield code="a">http://hdl.handle.net/10256/16353</subfield>
   </datafield>
   <datafield tag="653" ind2=" " ind1=" ">
      <subfield code="a">Apoderament (Ciències socials) -- Congressos</subfield>
   </datafield>
   <datafield tag="653" ind2=" " ind1=" ">
      <subfield code="a">Empowerment (Social sciences) -- Congresses</subfield>
   </datafield>
   <datafield tag="653" ind2=" " ind1=" ">
      <subfield code="a">Joves -- Aspectes socials -- Congressos</subfield>
   </datafield>
   <datafield tag="653" ind2=" " ind1=" ">
      <subfield code="a">Youth -- Social aspects -- Congresses</subfield>
   </datafield>
   <datafield tag="653" ind2=" " ind1=" ">
      <subfield code="a">Joves immigrants -- Catalunya -- Congressos</subfield>
   </datafield>
   <datafield tag="653" ind2=" " ind1=" ">
      <subfield code="a">Youth -- Emigration and immigration -- Catalonia -- Congresses</subfield>
   </datafield>
   <datafield ind2="0" ind1="0" tag="245">
      <subfield code="a">¿Jóvenes empoderados? la experiencia de jóvenes originarios del cono sur latinoamericano que, tras un proceso inmigratorio, viven en Catalunya</subfield>
   </datafield>
</record></metadata></record></GetRecord></OAI-PMH>